00614cpcaa2200217 4500001001300000003000400013005001700017008004100034010001700075040002400092072001200116100005100128245003900179300001300218506002200231545001200253546003600265580005700301656002100358999001700379mm 79000314 DLC20260227111630.0790130|||||||||||| eng  amm 79000314  aDLCcDLCedacsdDLC 7aL2lcmd1 aBrooks, N. C.q(Nathan Covington),d1809-1898.00aN.C. Brooks correspondence,f1894. a1fitem.0 aOpen to research.0 aAuthor. aCollection material in English. aForms part of: Miscellaneous Manuscripts collection. 7aAuthors.2itoamc c40293d40293